Подробности
| 000 -МАРКЕР |
| контрольное поле |
01937nam0a2200301 4500 |
| 001 - ИДЕНТИФИКАТОР ЗАПИСИ |
| контрольное поле |
RU\NLR\bibl\1204184 |
| 005 - ИДЕНТИФИКАТОР ВЕРСИИ |
| контрольное поле |
20260407093427.0 |
| 035 ## - ДРУГИЕ СИСТЕМНЫЕ НОМЕРА |
| Идентификатор записи |
(NLR Aleph) 001190667 |
| 100 ## - ДАННЫЕ ОБЩЕЙ ОБРАБОТКИ |
| Данные общей обработки |
20080321d2007 |||y0rusy50 ca |
| 101 0# - ЯЗЫК РЕСУРСА |
| Язык текста, звукозаписи и т.д. |
русский |
| 102 ## - СТРАНА ПУБЛИКАЦИИ ИЛИ ПРОИЗВОДСТВА |
| Страна публикации |
Российская Федерация |
| 105 ## - ПОЛЕ КОДИРОВАННЫХ ДАННЫХ: ТЕКСТОВЫЕ МАТЕРИАЛЫ, МОНОГРАФИЧЕСКИЕ |
| Кодированные данные о монографическом текстовом документе |
a ||||||||| |
| 200 1# - ЗАГЛАВИЕ И СВЕДЕНИЯ ОБ ОТВЕТСТВЕННОСТИ |
| Основное заглавие |
Российская Федерация. Официальные символы России, Алтайского края и муниципальных образований |
| Сведения, относящиеся к заглавию |
сборник информационно-методических материалов |
| Первые сведения об ответственности |
Алт. краев. универс. науч. б-ка им. В.Я. Шишкова, Науч.-метод. отд. |
| Последующие сведения об ответственности |
[сост.: Л.А. Медаедева, Ю.Н. Солдатова |
| -- |
ред. Т.В. Смелова] |
| 210 ## - ПУБЛИКАЦИЯ, РАСПРОСТРАНЕНИЕ И ДР. |
| Место издания, распространения и т.д. |
Барнаул |
| Имя издателя, распространителя и т. д. |
АКУНБ |
| Дата издания, распространения и т.д. |
2007 |
| 215 ## - ФИЗИЧЕСКАЯ ХАРАКТЕРИСТИКА |
| Специфическое обозначение материала и объем |
68 с., [4] л. цв. ил., нот. |
| Другие сведения о физической характеристике |
ил. |
| Размеры |
21 |
| 320 ## - ПРИМЕЧАНИЯ О НАЛИЧИИ В ДОКУМЕНТЕ БИБЛИОГРАФИИ / УКАЗАТЕЛЯ |
| Текст примечания |
Библиогр.: с. 61-67 |
| 606 1# - НАИМЕНОВАНИЕ ТЕМЫ КАК ПРЕДМЕТ |
| Наименование темы |
Символика государственная |
| Формальный подзаголовок |
Законодательные материалы |
| Географический подзаголовок |
Российская Федерация |
| Системный номер авторитетной/нормативной записи |
2082648 |
| Идентификатор авторитетной/нормативной записи |
RU\NLR\auth\661258675 |
| 606 1# - НАИМЕНОВАНИЕ ТЕМЫ КАК ПРЕДМЕТ |
| Наименование темы |
Символика государственная |
| Формальный подзаголовок |
Законодательные материалы |
| Географический подзаголовок |
Алтайский край |
| Системный номер авторитетной/нормативной записи |
2507167 |
| Идентификатор авторитетной/нормативной записи |
RU\NLR\auth\661486579 |
| 686 ## - ИНДЕКСЫ ДРУГИХ КЛАССИФИКАЦИЙ |
| Индекс |
Х620.8-39(2Р)21 |
| 702 #1 - ИМЯ ЛИЦА - ВТОРИЧНАЯ ОТВЕТСТВЕННОСТЬ |
| Код отношения |
Составитель |
| Материалы, к которым относится поле |
rus |
| Графика поля |
Кириллица |
| Начальный элемент ввода |
Медведева |
| Часть имени, кроме начального элемента ввода |
Л. А. |
| Дополнения к именам, кроме дат |
библиотекарь |
| Расширение инициалов личного имени |
Лидия Анатольевна |
| Идентификатор авторитетной/нормативной записи |
RU\NLR\auth\7775543 |
| Системный номер авторитетной/нормативной записи |
58471 |
| 702 #1 - ИМЯ ЛИЦА - ВТОРИЧНАЯ ОТВЕТСТВЕННОСТЬ |
| Код отношения |
Редактор |
| Материалы, к которым относится поле |
rus |
| Графика поля |
Кириллица |
| Начальный элемент ввода |
Смелова |
| Часть имени, кроме начального элемента ввода |
Т. В. |
| Расширение инициалов личного имени |
Татьяна Васильевна |
| Идентификатор авторитетной/нормативной записи |
RU\NLR\auth\7775544 |
| Системный номер авторитетной/нормативной записи |
58472 |
| 712 02 - НАИМЕНОВАНИЕ ОРГАНИЗАЦИИ - ВТОРИЧНАЯ ОТВЕТСТВЕННОСТЬ |
| Код отношения |
Прочие |
| Начальный элемент ввода |
Алтайская краевая универсальная научная библиотека им. В. Я. Шишкова |
| Идентифицирующий признак |
Барнаул |
| Идентификатор авторитетной/нормативной записи |
RU\NLR\AUTH\889917125 |
| Системный номер авторитетной/нормативной записи |
330421 |
| 801 #0 - ИСТОЧНИК ЗАПИСИ |
| Страна |
Российская Федерация |
| Организация |
NLR |
| Дата составления |
20080321 |
| Правила каталогизации |
RCR |
| 801 #1 - ИСТОЧНИК ЗАПИСИ |
| Страна |
Российская Федерация |
| Организация |
NLR |
| Дата составления |
20080321 |
| 942 ## - ДОПОЛНИТЕЛЬНЫЕ ЭЛЕМЕНТЫ ЗАПИСИ (АБИС) |
| Тип экземпляра АБИС |
Книга |
| 980 ## - КОЛЛЕКЦИЯ |
| Название коллекции |
Национальная библиография |